The tragedies of Oak Hurst : A Florida romance.

Bibliographic Details
Main Author: Marean, Beatrice
Format: Microform Book
Language:English
Published: Chicago : Donohue, Henneberry, 1891.
Series:Wright American Fiction.

MARC

Tag First Indicator Second Indicator Subfields
LEADER 00000cam a2200000 4500
001 in00001272721
005 20151004070859.0
007 hd afa014baca
008 760721s1891 ilua a 000 1 eng d
035 |a (OCoLC)02324307 
035 |9 AGY1179AM 
040 |a LWS  |c JNA  |d LWS  |d TXA  |d UtOrBLW 
049 |a TXAI 
090 |a PZ1  |b .A34 v.3, no.3602 
099 |a film B  |a 1551 v.3  |a Reel M-20 no.3602 
100 1 |a Marean, Beatrice. 
245 1 4 |a The tragedies of Oak Hurst :  |b A Florida romance. 
264 1 |a Chicago :  |b Donohue, Henneberry,  |c 1891. 
300 |a 401 pages :  |b illustrations 
336 |a text  |b txt  |2 rdacontent 
337 |a microform  |b h  |2 rdamedia 
338 |a microfilm reel  |b hd  |2 rdacarrier 
533 |a Microfilm.  |b Woodbridge, Conn.,  |c Research Publications,  |d 1970-1978.  |e 1 reel. 35 mm.  |f (Wright American fiction, v. 3 (1876-1900), reel M-20, no. 3602) 
539 |a s  |b 1970  |d ctu  |e n 
500 |a Microform. 
830 0 |a Wright American Fiction. 
999 |a MARS 
999 f f |s aaef801f-1a8a-3a87-b8e7-803b0886ff7d  |i f601a147-06c8-3115-9be2-c8ab88e56893  |t 0 
952 f f |p default  |a Texas A&M University  |b College Station  |c Sterling C. Evans Library  |d Evans: Microforms (3rd floor)  |t 0  |e film B 1551 v.3 Reel M-20 no.3602  |h Other scheme  |i microform -- microfilm reel 
998 f f |a film B 1551 v.3 Reel M-20 no.3602  |t 0  |l Evans: Microforms (3rd floor)